The Washington manual of medical therapeutics : Department of Medicine, Washington University School of Medicine.

Lippincott-Raven. A Brandon/Hill Medical List minimal-core and first-purchase selection. Previous edition: c1995. Succinct reference to medical therapy for practitioners, residents, and students. Trim size: 8.5 x 5.5 inches. Wire-spiral binding. Outline format.

Gorde:
Xehetasun bibliografikoak
Egile nagusia: Carey, Charles F.
Formatua: Liburua
Hizkuntza:Undetermined
Argitaratua: Philadelphia Lippincott William & Wilkins 1998
Gaiak:
Etiketak: Etiketa erantsi
Etiketarik gabe, Izan zaitez lehena erregistro honi etiketa jartzen!
Thư viện lưu trữ: Trung tâm Học liệu Trường Đại học Cần Thơ
LEADER 00955nam a2200217Ia 4500
001 CTU_159402
008 210402s9999 xx 000 0 und d
020 |c 7.50 
082 |a 615.5 
082 |b C273 
100 |a Carey, Charles F. 
245 4 |a The Washington manual of medical therapeutics : 
245 0 |b Department of Medicine, Washington University School of Medicine. 
245 0 |c Charles F. Carey, Hans H. Lee, Keith F. Woeltje 
260 |a Philadelphia 
260 |b Lippincott William & Wilkins 
260 |c 1998 
520 |a Lippincott-Raven. A Brandon/Hill Medical List minimal-core and first-purchase selection. Previous edition: c1995. Succinct reference to medical therapy for practitioners, residents, and students. Trim size: 8.5 x 5.5 inches. Wire-spiral binding. Outline format. 
650 |a Therapeutics,Giải pháp điều trị y học 
904 |i Hải 
980 |a Trung tâm Học liệu Trường Đại học Cần Thơ